Scottish outdoor access code (Record no. 104027)
[ view plain ]
| 000 -LEADER | |
|---|---|
| fixed length control field | 01280cad a2200265 4500 |
| 001 - CONTROL NUMBER | |
| control field | E128863 |
| 008 - FIXED-LENGTH DATA ELEMENTS--GENERAL INFORMATION | |
| fixed length control field | 020404s2005 xxk 000 0 eng u |
| 020 ## - INTERNATIONAL STANDARD BOOK NUMBER | |
| International Standard Book Number | 1853974226 |
| 035 ## - SYSTEM CONTROL NUMBER | |
| System control number | (Sirsi) u128863 |
| 041 ## - LANGUAGE CODE | |
| Language code of text/sound track or separate title | eng |
| 050 ## - LIBRARY OF CONGRESS CALL NUMBER | |
| Classification number | 338.78 |
| -- | 18 |
| 110 ## - MAIN ENTRY--CORPORATE NAME | |
| Corporate name or jurisdiction name as entry element | Scottish Natural Heritage |
| 9 (RLIN) | 2794 |
| 245 00 - TITLE STATEMENT | |
| Title | Scottish outdoor access code |
| Remainder of title | public access to Scotland's outdoors |
| Medium | [electronic resource] |
| 260 ## - PUBLICATION, DISTRIBUTION, ETC. | |
| Place of publication, distribution, etc. | Battleby |
| Name of publisher, distributor, etc. | SNH |
| Date of publication, distribution, etc. | 2005 |
| 300 ## - PHYSICAL DESCRIPTION | |
| Extent | 133p. ; 21cm. |
| 520 ## - SUMMARY, ETC. | |
| Summary, etc. | The Land Reform (Scotland) Act 2003 establishes a statutory right of responsible access to land and inland waters for outdoor recreation, crossing land, and some educational and commercial purposes. The Scottish Outdoor Access Code gives detailed guidance on your responsibilities when exercising access rights and if you are managing land and water. The Act sets out where and when access rights apply. The Code defines how access rights should be exercised. |
| 590 ## - LOCAL NOTE (RLIN) | |
| Local note | NB |
| 650 ## - SUBJECT ADDED ENTRY--TOPICAL TERM | |
| Topical term or geographic name entry element | ACCESS TO LAND |
| 650 ## - SUBJECT ADDED ENTRY--TOPICAL TERM | |
| Topical term or geographic name entry element | ACCESS RIGHTS |
| 650 ## - SUBJECT ADDED ENTRY--TOPICAL TERM | |
| Topical term or geographic name entry element | SCOTTISH OUTDOOR ACCESS CODE |
| 651 #4 - SUBJECT ADDED ENTRY--GEOGRAPHIC NAME | |
| Geographic name | Scotland |
| Chronological subdivision | 1999- |
| 690 ## - LOCAL SUBJECT ADDED ENTRY--TOPICAL TERM (OCLC, RLIN) | |
| Topical term or geographic name as entry element | ENVIRONMENTAL AND LAND CONSULTANCY |
| 856 40 - ELECTRONIC LOCATION AND ACCESS | |
| Uniform Resource Identifier | <a href="https://www.outdooraccess-scotland.com">https://www.outdooraccess-scotland.com</a> |
| Public note | View the code free of charge at www.outdooraccess-scotland.com... |
| 942 ## - ADDED ENTRY ELEMENTS (KOHA) | |
| Suppress in OPAC | 0 |
| Withdrawn status | Lost status | Source of classification or shelving scheme | Damaged status | Not for loan | Home library | Current library | Shelving location | Date acquired | Total Checkouts | Full call number | Barcode | Date last seen | Copy number | Price effective from | Koha item type |
|---|---|---|---|---|---|---|---|---|---|---|---|---|---|---|---|
| Dewey Decimal Classification | Virtual | Virtual | Online | 22/02/2005 | 338.78 SCO | 50011800-1001 | 06/08/2019 | 1 | 06/08/2019 | Online material |